000 00581nam a22002177a 4500
003 UA-OsUOA
001 55299
007 ta
008 20080908b un ||||| |||| 00| 0 ukr d
090 _a235.3(470+571)
_bС25
942 _cBK
040 _aUA-OsUOA
_brus
_cUA-OsUOA
_dUA-OsUOA
245 _aСвятые русской земли
_bпод ред. игумена Петра (Пиголя)
300 _a363 с.
955 _a2
041 _arus
080 _a235.3(470+571)
260 _aМ.
_c2007
650 7 _a2 Релігія. Теологія.
_2UDC
999 _c341387
_d341387